Tilastot visalle Sanat - "Varpunen jouluaamuna"

Klikkaa tästä pelataksesi tätä visaa!

Yleistilastot

  • Tätä visaa on pelattu 378 kertaa
  • Keskiarvotulos 68 / 84

Vastaustilastot

Sanat% Oikein
jo
99%
on,
98%
on
98%
Lumi
97%
peittänyt
97%
varpu,
97%
jäätynyt
95%
jäätynyt
95%
järven
95%
järven
95%
kukat
95%
pienoinen,
94%
siemen
94%
siemen
94%
Varpunen
94%
laaksosessa,
93%
talvipakkasessa.
93%
talvipakkasessa.
93%
aalto
92%
aalto
92%
ota
92%
ota
92%
multa!
90%
multa!
90%
syönyt
88%
pieni
87%
pieni
87%
veljesi,
87%
veljesi
87%
ole,
86%
– En
85%
kesäeinehen,
85%
85%
olen
85%
siemenen
85%
siemenen
85%
Siemenen
85%
taivahasta.
85%
tule
85%
– Tule,
85%
tulin
85%
maasta,
82%
maasta.
82%
riemulla,
82%
riemulla,
82%
pienoisen,
81%
annoit
79%
jonka
79%
Joulu
79%
koditon
79%
lintu
79%
onneton,
79%
Pienen
79%
pirtin
79%
portailla
79%
tästä
79%
tyttökulta:
79%
oli
78%
varpuseni
78%
tänne
76%
sulta.
75%
sulta!
75%
kyllä
74%
kyllä
74%
otan
74%
otan
74%
sun
74%
enkeleitten
72%
kiitollisna
70%
– Kiitollisna
70%
sai
70%
lapseni,
69%
lensi
66%
varpukulta:
64%
Jumala
63%
luo
63%
nyt
63%
riemuiten
63%
Tytön
63%
kerran
59%
sinua.
59%
tahtoo
58%
Palkita
57%
köyhällen,
48%

Tulosjakauma

Persentiili vastausten määrän mukaan

Jokaisen tuloksen saaneiden osuus

Tuloshistoriasi

Et ole pelannut tätä visaa